Sports Quiz

Random Sports or Football Quiz

NFL QBs with 35+ TDs in a Season Quiz Stats

 Plays Quiz Updated Nov 12, 2018

Challenge
Share
Tweet
Embed
Score 0/37 Timer 05:00
7 Plays Today
Year QB % Correct
2004Peyton Manning
98.3%
2012Peyton Manning
98.1%
2007Tom Brady
98%
2013Peyton Manning
98%
2011Tom Brady
97.8%
2010Tom Brady
97.7%
2014Peyton Manning
97.5%
2015Tom Brady
97.4%
2015Eli Manning
95.9%
2011Drew Brees
93.6%
2012Drew Brees
92.1%
2013Drew Brees
91.4%
2016Drew Brees
87.5%
2011Aaron Rodgers
84.7%
1986Dan Marino
83.9%
1984Dan Marino
83.9%
2016Aaron Rodgers
83.9%
2012Aaron Rodgers
83.6%
2014Aaron Rodgers
83.2%
Year QB % Correct
1997Brett Favre
82.1%
1996Brett Favre
82.1%
1995Brett Favre
82.1%
2016Matt Ryan
74.4%
1998Steve Young
71.4%
1994Steve Young
71.4%
2015Cam Newton
70.2%
2011Matthew Stafford
66.6%
2014Andrew Luck
62.2%
2001Kurt Warner
62.1%
1999Kurt Warner
62.1%
2015Carson Palmer
55.1%
2004Daunte Culpepper
53.9%
2007Tony Romo
46.7%
2015Blake Bortles
28.6%
1963Y.A. Tittle
20.9%
1961*George Blanda
12.4%
1999Steve Beuerlein
6.7%

You're not logged in!

Compare scores with friends on all Sporcle quizzes.
OR
Log In

You Might Also Like...

Show Comments

Extras

Top Quizzes Today


Score Distribution

Your Account Isn't Verified!

In order to create a playlist on Sporcle, you need to verify the email address you used during registration. Go to your Sporcle Settings to finish the process.

Report this User

Report this user for behavior that violates our Community Guidelines.

Details: